Statistics for Every Golden Globe Nominee for Best Actor in a Drama Film

Click here to take the quiz!

General Stats

  • This quiz has been taken 48 times
  • The average score is 253 of 368

Answer Stats

YearFilmActor% Correct
2011MoneyballBrad Pitt
100%
2008The Curious Case of Benjamin ButtonBrad Pitt
100%
1994Legends of the FallBrad Pitt
100%
2011J. EdgarLeonardo DiCaprio
100%
2015The RevenantLeonardo DiCaprio
100%
2023Killers of the Flower MoonLeonardo DiCaprio
100%
2008Revolutionary RoadLeonardo DiCaprio
100%
2006Blood DiamondLeonardo DiCaprio
100%
2006The DepartedLeonardo DiCaprio
100%
2004The AviatorLeonardo DiCaprio
100%
2002Catch Me If You CanLeonardo DiCaprio
100%
1997TitanicLeonardo DiCaprio
100%
1992Scent of a WomanAl Pacino
98%
1990The Godfather Part IIIAl Pacino
98%
1989Sea of LoveAl Pacino
98%
1972The GodfatherAl Pacino
98%
1973SerpicoAl Pacino
98%
1974The Godfather Part IIAl Pacino
98%
1975Dog Day AfternoonAl Pacino
98%
1983ScarfaceAl Pacino
98%
1979...And Justice for AllAl Pacino
98%
1977Bobby DeerfieldAl Pacino
98%
1991The Silence of the LambsAnthony Hopkins
98%
1993The Remains of the DayAnthony Hopkins
98%
1995NixonAnthony Hopkins
98%
2020The FatherAnthony Hopkins
98%
1978MagicAnthony Hopkins
98%
2023MaestroBradley Cooper
98%
2018A Star Is BornBradley Cooper
98%
2023OppenheimerCillian Murphy
98%
2010The King's SpeechColin Firth
98%
2009A Single ManColin Firth
98%
1994Pulp FictionJohn Travolta
98%
1993PhiladelphiaTom Hanks
98%
2013Captain PhillipsTom Hanks
98%
1998Saving Private RyanTom Hanks
98%
2000Cast AwayTom Hanks
98%
1994Forrest GumpTom Hanks
98%
2017The PostTom Hanks
98%
2002The PianistAdrien Brody
95%
1987Cry FreedomDenzel Washington
95%
2007American GangsterDenzel Washington
95%
2001Training DayDenzel Washington
95%
1992Malcolm XDenzel Washington
95%
2012FlightDenzel Washington
95%
2017Roman J. Israel, Esq.Denzel Washington
95%
2016FencesDenzel Washington
95%
2021The Tragedy of MacbethDenzel Washington
95%
1999The HurricaneDenzel Washington
95%
1970Five Easy PiecesJack Nicholson
95%
1992HoffaJack Nicholson
95%
1971Carnal KnowledgeJack Nicholson
95%
1973The Last DetailJack Nicholson
95%
1974ChinatownJack Nicholson
95%
1975One Flew Over the Cuckoo's NestJack Nicholson
95%
1987IronweedJack Nicholson
95%
2002About SchmidtJack Nicholson
95%
2019JokerJoaquin Phoenix
95%
2012The MasterJoaquin Phoenix
95%
1996Michael CollinsLiam Neeson
95%
2004KinseyLiam Neeson
95%
1993Schindler's ListLiam Neeson
95%
1999The Talented Mr. RipleyMatt Damon
95%
1997Good Will HuntingMatt Damon
95%
1994The Shawshank RedemptionMorgan Freeman
95%
2009InvictusMorgan Freeman
95%
2018Bohemian RhapsodyRami Malek
95%
1991Cape FearRobert De Niro
95%
1978The Deer HunterRobert De Niro
95%
1980Raging BullRobert De Niro
95%
1976Taxi DriverRobert De Niro
95%
1992ChaplinRobert Downey Jr.
95%
1990AwakeningsRobin Williams
95%
1989Dead Poets SocietyRobin Williams
95%
2008MilkSean Penn
95%
2003Mystic RiverSean Penn
95%
1995Dead Man WalkingSean Penn
95%
2001AliWill Smith
95%
2006The Pursuit of HappynessWill Smith
95%
2015ConcussionWill Smith
95%
2021King RichardWill Smith
95%
2016Manchester by the SeaCasey Affleck
93%
1997The BoxerDaniel Day-Lewis
93%
2007There Will Be BloodDaniel Day-Lewis
93%
2012LincolnDaniel Day-Lewis
93%
1993In the Name of the FatherDaniel Day-Lewis
93%
2017Phantom ThreadDaniel Day-Lewis
93%
2002Gangs of New YorkDaniel Day-Lewis
93%
1989My Left FootDaniel Day-Lewis
93%
1988Rain ManDustin Hoffman
93%
1976Marathon ManDustin Hoffman
93%
1974LennyDustin Hoffman
93%
1969Midnight CowboyDustin Hoffman
93%
1979Kramer vs. KramerDustin Hoffman
93%
1952High NoonGary Cooper
93%
1956Friendly PersuasionGary Cooper
93%
1998The Truman ShowJim Carrey
93%
2013Dallas Buyers ClubMatthew McConaughey
93%
2005Cinderella ManRussell Crowe
93%
1999The InsiderRussell Crowe
93%
2001A Beautiful MindRussell Crowe
93%
2003Master and Commander: The Far Side of the WorldRussell Crowe
93%
2000GladiatorRussell Crowe
93%
1989Born on the Fourth of JulyTom Cruise
93%
1992A Few Good MenTom Cruise
93%
2003The Last SamuraiTom Cruise
93%
2005CapotePhilip Seymour Hoffman
91%
1981Prince of the CityTreat Williams
91%
2016Hacksaw RidgeAndrew Garfield
89%
2022The WhaleBrendan Fraser
89%
2015The Danish GirlEddie Redmayne
89%
2014The Theory of EverythingEddie Redmayne
89%
2017Darkest HourGary Oldman
89%
2020MankGary Oldman
89%
1985WitnessHarrison Ford
89%
1986The Mosquito CoastHarrison Ford
89%
1993The FugitiveHarrison Ford
89%
2005Brokeback MountainHeath Ledger
89%
2009Crazy HeartJeff Bridges
89%
1984StarmanJeff Bridges
89%
2004Finding NeverlandJohnny Depp
89%
1991JFKKevin Costner
89%
1990Dances with WolvesKevin Costner
89%
2001The Shipping NewsKevin Spacey
89%
1999American BeautyKevin Spacey
89%
1972The GodfatherMarlon Brando
89%
1963The Ugly AmericanMarlon Brando
89%
1954On the WaterfrontMarlon Brando
89%
1957SayonaraMarlon Brando
89%
2000Wonder BoysMichael Douglas
89%
1987Wall StreetMichael Douglas
89%
1995Leaving Las VegasNicolas Cage
89%
1982GandhiBen Kingsley
86%
2003House of Sand and FogBen Kingsley
86%
2019Ford v. FerrariChristian Bale
86%
1951Detective StoryKirk Douglas
86%
1956Lust for LifeKirk Douglas
86%
1970I Never Sang for My FatherMelvyn Douglas
86%
1994Nobody's FoolPaul Newman
86%
1982The VerdictPaul Newman
86%
1963HudPaul Newman
86%
1967Cool Hand LukePaul Newman
86%
1986The Color of MoneyPaul Newman
86%
1962Sweet Bird of YouthPaul Newman
86%
1961The HustlerPaul Newman
86%
2021The Power of the DogBenedict Cumberbatch
84%
2014The Imitation GameBenedict Cumberbatch
84%
2007Michael ClaytonGeorge Clooney
84%
2009Up in the AirGeorge Clooney
84%
2011The DescendantsGeorge Clooney
84%
2008The WrestlerMickey Rourke
84%
1976RockySylvester Stallone
84%
2006The Last King of ScotlandForest Whitaker
82%
1988BirdForest Whitaker
82%
1969True GritJohn Wayne
80%
2002The Quiet AmericanMichael Caine
80%
1966AlfieMichael Caine
80%
1972SleuthMichael Caine
80%
1964BecketPeter O'Toole
80%
2006VenusPeter O'Toole
80%
1980The Stunt ManPeter O'Toole
80%
1968The Lion in WinterPeter O'Toole
80%
1962Lawrence of ArabiaPeter O'Toole
80%
2014FoxcatcherSteve Carell
80%
1985Twice in a LifetimeGene Hackman
77%
1975French Connection IIGene Hackman
77%
1988Mississippi BurningGene Hackman
77%
1974The ConversationGene Hackman
77%
1971The French ConnectionGene Hackman
77%
2017Call Me by Your NameTimothée Chalamet
77%
1971The HospitalGeorge C. Scott
75%
1970PattonGeorge C. Scott
75%
1981On Golden PondHenry Fonda
75%
2010127 HoursJames Franco
75%
1969Midnight CowboyJon Voight
75%
1985Runaway TrainJon Voight
75%
1978Coming HomeJon Voight
75%
1979The ChampJon Voight
75%
1972DeliveranceJon Voight
75%
1960SpartacusLaurence Olivier
75%
1972SleuthLaurence Olivier
75%
1948HamletLaurence Olivier
75%
1997Ulee's GoldPeter Fonda
75%
1996The English PatientRalph Fiennes
75%
1990Reversal of FortuneJeremy Irons
73%
1986The MissionJeremy Irons
73%
1980The Elephant ManJohn Hurt
73%
2003Cold MountainJude Law
73%
1982An Officer and a GentlemanRichard Gere
73%
2012ArbitrageRichard Gere
73%
2016Captain FantasticViggo Mortensen
73%
2007Eastern PromisesViggo Mortensen
73%
1991BugsyWarren Beatty
73%
1961Splendor in the GrassWarren Beatty
73%
1967Bonnie and ClydeWarren Beatty
73%
1981RedsWarren Beatty
73%
2019Marriage StoryAdam Driver
70%
2022ElvisAustin Butler
70%
1959Ben-HurCharlton Heston
70%
1956The Ten CommandmentsCharlton Heston
70%
1963Captain Newman, M.D.Gregory Peck
70%
1978The Boys from BrazilGregory Peck
70%
1977MacArthurGregory Peck
70%
1946The YearlingGregory Peck
70%
1962To Kill a MockingbirdGregory Peck
70%
2018BlacKkKlansmanJohn David Washington
70%
1971Sunday Bloody SundayPeter Finch
70%
1976NetworkPeter Finch
70%
1964BecketRichard Burton
70%
1959Look Back in AngerRichard Burton
70%
1966Who's Afraid of Virginia Woolf?Richard Burton
70%
1977EquusRichard Burton
70%
1969Anne of the Thousand DaysRichard Burton
70%
2010Blue ValentineRyan Gosling
70%
2011The Ides of MarchRyan Gosling
70%
1986Children of a Lesser GodWilliam Hurt
70%
1985Kiss of the Spider WomanWilliam Hurt
70%
2004Hotel RwandaDon Cheadle
68%
1984AmadeusF. Murray Abraham
68%
1996ShineGeoffrey Rush
68%
2000QuillsGeoffrey Rush
68%
1979The China SyndromeJack Lemmo
68%
2013All Is LostRobert Redford
68%
1967In the Heat of the NightSidney Poitier
68%
1958The Defiant OnesSidney Poitier
68%
1961A Raisin in the SunSidney Poitier
68%
1963Lilies of the FieldSidney Poitier
68%
1965A Patch of BlueSidney Poitier
68%
1950HarveyJames Stewart
66%
2010The Social NetworkJesse Eisenberg
66%
1971A Clockwork OrangeMalcolm McDowell
66%
2015Steve JobsMichael Fassbender
66%
2011ShameMichael Fassbender
66%
1987WeedsNick Nolte
66%
1991The Prince of TidesNick Nolte
66%
1998AfflictionNick Nolte
66%
1983Tender MerciesRobert Duvall
66%
1957The Bridge on the River KwaiAlec Guinness
64%
1996RansomMel Gibson
64%
1953The ActressSpencer Tracy
64%
1967Guess Who's Coming to DinnerSpencer Tracy
64%
1958The Old Man and the SeaSpencer Tracy
64%
1960Inherit the WindSpencer Tracy
64%
2015TrumboBryan Cranston
61%
1960Elmer GantryBurt Lancaster
61%
1962Birdman of AlcatrazBurt Lancaster
61%
1956The RainmakerBurt Lancaster
61%
1981Atlantic CityBurt Lancaster
61%
2014NightcrawlerJake Gyllenhaal
61%
1990The FieldRichard Harris
61%
1984AmadeusTom Hulce
61%
1988Dominick and EugeneTom Hulce
61%
1996The People vs. Larry FlyntWoody Harrelson
61%
1984Under the VolcanoAlbert Finney
59%
1983The DresserAlbert Finney
59%
1982Shoot the MoonAlbert Finney
59%
2023All of Us StrangersAndrew Scott
59%
2019The Two PopesJonathan Pryce
59%
2010The FighterMark Wahlberg
59%
1995Mr. Holland's OpusRichard Dreyfuss
59%
2018At Eternity's GateWillem Dafoe
59%
2020Ma Rainey's Black BottomChadwick Boseman
57%
1970The Great White HopeJames Earl Jones
57%
2019Pain and GloryAntonio Banderas
55%
1986Mona LisaBob Hoskins
55%
1955MartyErnest Borgnine
55%
2021Being the RicardosJavier Bardem
55%
2004The Sea InsideJavier Bardem
55%
2000Before Night FallsJavier Bardem
55%
1967In the Heat of the NightRod Steiger
55%
1965The PawnbrokerRod Steiger
55%
1962Lawrence of ArabiaAnthony Quinn
50%
1964Zorba the GreekAnthony Quinn
50%
2023SaltburnBarry Keoghan
50%
201312 Years a SlaveChiwetel Ejiofor
50%
2023RustinColman Domingo
50%
1995Richard IIIIan McKellen
50%
1998Gods and MonstersIan McKellen
50%
1973PapillonSteve McQueen
50%
1963Love with the Proper StrangerSteve McQueen
50%
1966The Sand PebblesSteve McQueen
50%
1989DadJack Lemmon
48%
1982MissingJack Lemmon
48%
1973Save the TigerJack Lemmon
48%
1980TributeJack Lemmon
48%
1962Days of Wine and RosesJack Lemmon
48%
1975The Man in the Glass BoothMaximilian Schell
48%
1961Judgment at NurembergMaximilian Schell
48%
1965The Agony and the EcstasyRex Harrison
48%
1963CleopatraRex Harrison
48%
1968The Boston StranglerTony Curtis
48%
1958The Defiant OnesTony Curtis
48%
1958Separate TablesDavid Niven
45%
2008Frost/NixonFrank Langella
45%
1974The GamblerJames Caan
45%
1968The Heart is a Lonely HunterAlan Arkin
43%
1969PopiAlan Arkin
43%
2022LivingBill Nighy
43%
2007AtonementJames McAvoy
43%
1966A Man for All SeasonsPaul Scofield
41%
2020Sound of MetalRiz Ahmed
41%
1970Love StoryRyan O'Neal
41%
2005Hustle & FlowTerrence Howard
41%
1988Stand and DeliverEdward James Olmos
39%
1950Cyrano de BergeracJosé Ferrer
39%
1965Doctor ZhivagoOmar Sharif
39%
1960Sons and LoversTrevor Howard
39%
2022The SonHugh Jackman
36%
2005Good Night, and Good LuckDavid Strathairn
34%
1980Ordinary PeopleDonald Sutherland
34%
1983Star 80Eric Roberts
34%
2021Swan SongMahershala Ali
34%
1968CharlyCliff Robertson
32%
1977A Special DayMarcello Mastroianni
32%
1999The Straight StoryRichard Farnsworth
32%
1983The Grey FoxRichard Farnsworth
32%
1984The Killing FieldsSam Waterston
32%
2009BrothersTobey Maguire
32%
2014SelmaDavid Oyelowo
30%
1997AmistadDjimon Hounsou
30%
2013Mandela: A Long Walk to FreedomIdris Elba
30%
1949All the King's MenBroderick Crawford
27%
1951Death of a SalesmanFredric March
27%
1959Middle of the NightFredric March
27%
1964Seven Days in MayFredric March
27%
1966HawaiiMax von Sydow
27%
1981TapsTimothy Hutton
27%
2001The Man Who Wasn't ThereBilly Bob Thornton
25%
1952The ThiefRay Milland
25%
1945The Lost WeekendRay Milland
25%
1983The DresserTom Courtenay
25%
1986Round MidnightDexter Gordon
23%
1962LolitaJames Mason
23%
2012The SessionsJohn Hawkes
23%
2018Boy ErasedLucas Hedges
23%
1983Reuben, ReubenTom Conti
23%
1978Midnight ExpressBrad Davis
20%
1958The Inn of the Sixth HappinessRobert Donat
20%
1947A Double LifeRonald Colman
20%
1998WildeStephen Fry
20%
1951Bright VictoryArthur Kennedy
18%
1975Give 'em Hell, Harry!James Whitmore
18%
2016LovingJoel Edgerton
18%
1943Watch on the RhinePaul Lukas
18%
1967Far from the Madding CrowdAlan Bates
16%
1968The FixerAlan Bates
16%
1976Bound for GloryDavid Carradine
16%
1979The Onion FieldJames Woods
16%
1962The Wonderful World of the Brothers GrimmLaurence Harvey
16%
2020The MauritanianTahar Rahim
16%
1944WilsonAlexander Knox
14%
1952The Happy TimeCharles Boyer
14%
2022The InspectionJeremy Pope
14%
1987The Last EmperorJohn Lone
14%
1959The Diary of Anne FrankJoseph Schildkraut
14%
1965Ship of FoolsOskar Werner
14%
1985Kiss of the Spider WomanRaul Julia
14%
1959CareerAnthony Franciosa
11%
1964Rio ConchosAnthony Franciosa
11%
1956Baby DollKarl Malden
11%
1961FannyMaurice Chevalier
11%
1949The Hasty HeartRichard Todd
11%
1973Electra Glide in BlueRobert Blake
11%
1960Sons and LoversDean Stockwell
9%
1977HeroesHenry Winkler
9%
1950The Magnificent YankeeLouis Calhern
9%
1963America AmericaStathis Giallelis
9%
1963The CardinalTom Tryon
9%

Score Distribution

Percentile by Number Answered

Percent of People with Each Score

Your Score History

You have not taken this quiz